Online katalóg knižníc regiónu Turca

Rozprávaj mi o viere (Record no. 20597)

MARC details
000 -LEADER
fixed length control field 02592cam a2200625 a 4500
001 - CONTROL NUMBER
control field 20597
003 - CONTROL NUMBER IDENTIFIER
control field VRT
005 - DATE AND TIME OF LATEST TRANSACTION
control field 20260127105803.0
008 - FIXED-LENGTH DATA ELEMENTS--GENERAL INFORMATION
fixed length control field 210928s1990 xo oaf br 000 j slo
015 ## - NATIONAL BIBLIOGRAPHY NUMBER
National bibliography number SNBA1990/10
020 ## - INTERNATIONAL STANDARD BOOK NUMBER
International Standard Book Number 808512873X
Qualifying information (viazané)
035 ## - SYSTEM CONTROL NUMBER
System control number urn:nbn:sk:snk-amlqiz
035 ## - SYSTEM CONTROL NUMBER
System control number urn:nbn:sk:snk-am00c0u0
035 ## - SYSTEM CONTROL NUMBER
System control number 549B6CD8-344E-42C0-BA02-C09352D1A5C2
039 #9 - LEVEL OF BIBLIOGRAPHIC CONTROL AND CODING DETAIL [OBSOLETE]
Level of rules in bibliographic description 202410090925
Level of effort used to assign nonsubject heading access points msnk160
Level of effort used to assign subject headings 202410090922
Level of effort used to assign classification msnk160
Level of effort used to assign subject headings 202410090921
Level of effort used to assign classification msnk160
Level of effort used to assign subject headings 202410090918
Level of effort used to assign classification msnk160
040 ## - CATALOGING SOURCE
Original cataloging agency SNK
Language of cataloging slo
Transcribing agency SNK
Description conventions AACR2
041 1# - LANGUAGE CODE
Language code of text/sound track or separate title slo
Language code of original ger
043 ## - GEOGRAPHIC AREA CODE
Geographic area code e-xo---
044 ## - COUNTRY OF PUBLISHING/PRODUCING ENTITY CODE
MARC country code xo
ISO country code SK
072 #7 - SUBJECT CATEGORY CODE
Subject category code 821.112.2-3
Subject category code subdivision Nemecká próza, nemecky písaná
Source konspekt
072 #7 - SUBJECT CATEGORY CODE
Subject category code 821-93
Subject category code subdivision Literatúra pre deti a mládež (beletria)
Source konspekt
072 #7 - SUBJECT CATEGORY CODE
Subject category code 27
Subject category code subdivision Kresťanstvo. Kresťanská cirkev všeobecne. Ekleziológia
Source konspekt
080 ## - UNIVERSAL DECIMAL CLASSIFICATION NUMBER
Universal Decimal Classification number 27
Edition identifier 2011
080 ## - UNIVERSAL DECIMAL CLASSIFICATION NUMBER
Universal Decimal Classification number 2-472.3
Edition identifier 2011
080 ## - UNIVERSAL DECIMAL CLASSIFICATION NUMBER
Universal Decimal Classification number 2‑282.4
Edition identifier 2011
080 ## - UNIVERSAL DECIMAL CLASSIFICATION NUMBER
Universal Decimal Classification number 82-93-053.4/.5
Edition identifier 2011
130 0# - MAIN ENTRY--UNIFORM TITLE
Uniform title Erzähl mir vom Glauben
Language of a work Slovensky
245 00 - TITLE STATEMENT
Title Rozprávaj mi o viere
Remainder of title katechizmus pre deti
Statement of responsibility, etc. [nemecký originál Erzähl mir vom Glauben vypracovaný pracovnou skupinou Detský katechizmus pod vedením Jürgena Jeziorovského pre Spojenú evanjelicko-lutherskú cirkev ... s ilustráciami Hetty Kristovej, Dominiky a Bernadetty]
250 ## - EDITION STATEMENT
Edition statement 1. vyd.
260 ## - PUBLICATION, DISTRIBUTION, ETC.
Place of publication, distribution, etc. Bratislava
Name of publisher, distributor, etc. Vesna
Date of publication, distribution, etc. 1990
300 ## - PHYSICAL DESCRIPTION
Extent 99 strán
Other physical details farebné fotografie, farebné ilustrácie
Dimensions 30 cm
500 ## - GENERAL NOTE
General note Vydalo Vydavateľstvo Vesna, Bratislava, pre Tranoscius, Liptovský Mikuláš
500 ## - GENERAL NOTE
General note Ilustrácie na titulnej strane a na predsádkach
610 27 - SUBJECT ADDED ENTRY--CORPORATE NAME
Corporate name or jurisdiction name as entry element Evanjelická cirkev a.v.
Source of heading or term SNKKA
650 07 - SUBJECT ADDED ENTRY--TOPICAL TERM
Topical term or geographic name entry element kresťanská viera
Source of heading or term SNKPH
655 #7 - INDEX TERM--GENRE/FORM
Genre/form data or focus term literatúra pre deti
Source of term SNKPH
655 #7 - INDEX TERM--GENRE/FORM
Genre/form data or focus term nemecké poviedky
Source of term SNKPH
655 #7 - INDEX TERM--GENRE/FORM
Genre/form data or focus term náboženské poviedky
Source of term SNKPH
655 #7 - INDEX TERM--GENRE/FORM
Genre/form data or focus term ilustrované publikácie
Source of term SNKPH
655 #7 - INDEX TERM--GENRE/FORM
Genre/form data or focus term katechizmy
Source of term SNKPH
700 1# - ADDED ENTRY--PERSONAL NAME
Personal name Török, Juraj,
Dates associated with a name 1928-2004
Relationship trl
700 1# - ADDED ENTRY--PERSONAL NAME
Personal name Jeziorowski, Jürgen,
Dates associated with a name 1936-2004
Relationship lso
700 1# - ADDED ENTRY--PERSONAL NAME
Personal name Kristová, Hetta
Relationship ill
700 0# - ADDED ENTRY--PERSONAL NAME
Personal name Dominika
Relationship ill
700 0# - ADDED ENTRY--PERSONAL NAME
Personal name Bernadetta
Relationship ill
710 2# - ADDED ENTRY--CORPORATE NAME
Corporate name or jurisdiction name as entry element Tranoscius (Liptovský Mikuláš, Slovensko)
Relationship pbl
942 ## - ADDED ENTRY ELEMENTS (KOHA)
Source of classification or shelving scheme Dewey Decimal Classification
Koha item type Krásna literatúra pre deti
Suppress in OPAC No
949 ## - LOCAL PROCESSING INFORMATION (OCLC)
6 17A0149659
a snkSB 47721 D1
949 ## - LOCAL PROCESSING INFORMATION (OCLC)
6 17A0807024
a snkSB 47721
b snkKSP 1506/91
s 6100:20160606
949 ## - LOCAL PROCESSING INFORMATION (OCLC)
6 3870A04660
a binSN 007
b bin4660
s 6720:20180913
949 ## - LOCAL PROCESSING INFORMATION (OCLC)
6 270001000016763
a svkbbC 31351
b svkbbm 555955
949 ## - LOCAL PROCESSING INFORMATION (OCLC)
6 273K0259223
a svkpoB 59880
b svkpo371458
o PV 11/91
Holdings
Stav vyradenia Strata Poškodenie Spôsob nadobudnutia Domovská knižnica Aktuálna knižnica Dátum nadobudnutia Total checkouts Čiarový kód exemplára Date last seen Typ exemplára
      Dar Obecná knižnica Horná Štubňa Obecná knižnica Horná Štubňa 27.01.2026   4736200680 27.01.2026 Krásna literatúra pre deti
Projekt je podporený Slovenskou asociáciou knižníc
Prevádzkuje Turčianska knižnica Martin 2026